Come & Get It - Selena Gomez - All Lyrics - Statistics

General Stats
  • This quiz has been taken 124 times
  • The average score is 293 of 352
Answer Stats
Answer % Correct
I
100%
Na-na-na-na,
100%
na-na-na-na,
100%
na-na-na-na
100%
(Na-na-na-na)
100%
an
98%
come
98%
Come
98%
get
98%
You
98%
you
98%
and
97%
And
97%
it
97%
it,
97%
it)
97%
When
97%
when
97%
(When
97%
ready
94%
ready,
94%
ready)
94%
your
94%
you're
94%
yeah)
84%
no
83%
to
83%
love
82%
Yeah
79%
yeah,
79%
yeah)
79%
I'm
78%
(I'm
78%
got
76%
So
76%
so
76%
too
76%
All
74%
all
74%
baby,
74%
Baby,
74%
be
74%
not
74%
me
73%
the
73%
This
72%
lie
71%
lie,
71%
regrets
71%
whenever
71%
day,
70%
I’ll
70%
I'll
70%
night,
69%
night
69%
for
67%
ain't
66%
much
66%
right
64%
shy
64%
finished
63%
here
62%
show
62%
know
61%
know,
61%
life,
61%
will
60%
yet
60%
of
59%
because
58%
real
58%
way
58%
addicted
56%
addicted,
56%
Hate
56%
patient
56%
sitting
56%
if
54%
it's
54%
But
53%
stop,
52%
stop
52%
that
52%
that,
52%
death
51%
open
50%
want,
50%
invitation
49%
die
48%
worry,
48%
happily
47%
let
47%
(Let
47%
waiting
47%
gotta
46%
hide
44%
kind
44%
Maybe
42%
Gon'
41%
yours,
40%
Even
39%
side
39%
standby
39%
leaving
38%
mine
38%
take-backs
38%
Can’t
37%
once
33%
Forever,
32%
gonna
31%
knock
19%
No matching quizzes found
Score Distribution
Percent of People with Each Score
Percentile by Number Answered
Your Score History
You have not taken this quiz